Mots par définition #11 - Moyens de transport - Statistiques

Statistiques générales
  • Ce quiz a été pris 238 fois
  • Le résultat moyen est 8 sur 15
Statistiques - réponses
Genre Définition Moyen de transport % Correct
Nom Masculin Chemin de fer électrique destiné au transport urbain et suburbain des voyageurs et implanté en totalité ou en partie sur la chaussée des rues empruntées. Tramway
95%
Nom Masculin Bâtiment de guerre conçu pour naviguer et combattre en plongée. Sous-marin
93%
Nom Masculin Char de combat. Tank
88%
Nom Masculin Avion conçu pour prendre son essor sur la surface de l'eau et s'y poser après son vol (munis de flotteurs ou d'une coque permettant le déjaugeage). Hydravion
77%
Nom Masculin Véhicule automoteur dont l'aménagement intérieur est conçu pour servir de logement au cours d'un voyage ou de vacances. Camping-car
74%
Nom Masculin Caisse carrossée, montée sur une roue, pourvue d'un siège et que l'on accouple à une moto ; ensemble formé par cette caisse et la moto. Side-car
68%
Nom Masculin Traîneau sur lequel peuvent prendre place plusieurs personnes (2 ou 4 en compétition) pour effectuer des glissades sur des pistes glacées, naturelles ou artificielles. Bobsleigh
66%
Nom Féminin Machine à vapeur, électrique, à moteur thermique ou à air comprimé, etc., montée sur roues, et destinée à remorquer un convoi de voitures ou de wagons sur une voie ferrée. Locomotive
58%
Nom Féminin Petit véhicule à une ou à deux places, muni de skis à l'avant, et tracté par des chenilles. Motoneige
47%
Nom Masculin Navire construit pour le transport des hydrocarbures liquides. Pétrolier
44%
Nom Féminin Embarcation légère d'Afrique et d'Océanie, propulsée à la pagaie ou à la voile. Pirogue
37%
Nom Masculin Véhicule sportif, à deux ou quatre roues, au moteur d'une puissance de plusieurs centaines ou même plusieurs milliers de chevaux, utilisant un carburant amélioré. Dragster
27%
Nom Féminin Véhicule hippomobile découvert, avec suspension, à quatre roues et muni d'une capote à soufflet. Calèche
25%
Nom Féminin Petite voiture automobile, de faible puissance (49 à 125 cm3). Voiturette
18%
Nom Masculin Aérostat muni d'organes de propulsion (moteurs et hélices), de direction et de stabilisation. Dirigeable
16%
Aucun quiz correspondant
Distribution des résultats
% des personnes avec chaque résultat
Percentile par nombre de réponses
Votre historique - résultats
Vous n’avez pas pris ce quiz